Americká ústava 1787
Salvato in:
| Autore principale: | |
|---|---|
| Natura: | Libro |
| Lingua: | ceco |
| Pubblicazione: |
Praha
Komenium
1991
|
| Edizione: | 1. vyd. |
| Serie: | Klíčové otázky moderních světových dějín
Sv.2 |
| Soggetti: | |
| Tags: |
Nessun Tag, puoi essere il primo ad aggiungerne!!
|
MARC
| LEADER | 00000nam a2200000 4500 | ||
|---|---|---|---|
| 001 | c003011 | ||
| 005 | 20221214093113.8 | ||
| 020 | |a 80-85276-03-8 | ||
| 041 | 0 | |a cze | |
| 044 | |a CZ | ||
| 245 | 1 | 0 | |a Americká ústava 1787 |c Svatava Raková |
| 250 | |a 1. vyd. | ||
| 264 | 1 | |a Praha |b Komenium |c 1991 | |
| 300 | |a 42 s. |e +obr., príl. | ||
| 490 | 1 | |a Klíčové otázky moderních světových dějín |v Sv.2 | |
| 830 | 0 | |a Klíčové otázky moderních světových dějín |v Sv.2 | |
| 610 | 2 | 0 | |a história |
| 610 | 2 | 0 | |a USA |
| 610 | 2 | 0 | |a 1787 |
| 610 | 2 | 0 | |a demokracia |
| 610 | 2 | 0 | |a federácia |
| 100 | 1 | |a Raková, Svatava | |